| 000 | 00357 a2200121 4500 | ||
|---|---|---|---|
| 001 | ART_10405 | ||
| 005 | 20260410161732.0 | ||
| 008 | 260409a | ||
| 245 | 1 | 0 | _aNominatividad de las acciones |
| 100 | 1 | _aBerardi, Jorge | |
| 700 | 1 | _aVergara del Carril, Daniel | |
| 773 | 0 |
_tEjecutivos de finanzas _g- Año 3, Nº 26 (abr. 1986) _wREV2863 |
|
| 999 |
_c17915 _d17915 |
||